00478 a2200169 450000100060000002000180000608200180002409000170004210000240005924500230008326000290010630000100013565000190014594200270016499900190019195200980021063832 a9789693510164 a891.4392 YOU c37751d37751 aYounas Butt, M. Dr. aGharmastian [Urdu] aLahorebSange Meelc2008 a231pp asatire humour aNUST-CAEk891.4392 YOU c298905d298905 001040708NFICaCAEbCAEd2017-04-03l0o891.4392 YOUpCAE82091r2017-04-05w2017-04-05yBK